| 000 | 00373nam a2200157Ia 4500 | ||
|---|---|---|---|
| 003 | OSt | ||
| 005 | 20240311154053.0 | ||
| 008 | 170523s9999 xx 000 0 und d | ||
| 020 | _a978-0130461063 | ||
| 040 | _ciimtu meerut | ||
| 100 | _aTURBAN- ARONSON | ||
| 245 | 0 | _aDECISION SUPPORT SYSTEMS AND INTELEGENCE SYSTEMS | |
| 260 | _bPHI | ||
| 260 | _c2003 | ||
| 942 |
_2ddc _c02 |
||
| 999 |
_c1416 _d1416 |
||